[Event "SR 4. liga A21 2012/2013"]
[Site "?"]
[Date "2013.02.03"]
[Round "8.2"]
[White "Bjel, Jan"]
[Black "Kavon, Rastislav"]
[Result "1/2-1/2"]
[WhiteElo "1875"]
[BlackElo "1943"]
[PlyCount "131"]
[EventDate "2012.??.??"]

1. e4 e5 2. Nf3 Nc6 3. Bb5 f5 4. Nc3 fxe4 5. Nxe4 Nf6 6. Nxf6+ Qxf6 7. d3 Bc5
8. Qe2 O-O 9. Bg5 Qf5 10. Qe4 Qxe4+ 11. dxe4 Rxf3 12. gxf3 Nd4 13. Bc4+ Kh8 14.
O-O-O Nxf3 15. Be3 Be7 16. Be2 Ng5 17. Bxg5 Bxg5+ 18. Kb1 d6 19. h3 Be6 20. b3
Rf8 21. f3 Bf7 22. c3 Bh5 23. Rdf1 Be3 24. Kc2 Bf7 25. Kd3 Bb6 26. f4 exf4 27.
Rxf4 Bc4+ 28. Kxc4 Rxf4 29. Kd3 g5 30. Rf1 Rxf1 31. Bxf1 Kg7 32. Be2 Kf6 33.
Bg4 Ke5 34. Bc8 h5 35. Bxb7 g4 36. hxg4 hxg4 37. Bc8 Kf4 38. Ke2 Ba5 39. c4 g3
40. Bb7 Kg4 41. Bc8+ Kf4 42. Bb7 Bb6 43. Kf1 Bd4 44. Kg2 Be5 45. a4 Ke3 46. b4
Kd4 47. Bd5 Kc3 48. b5 Kb4 49. a5 Kxa5 50. Kf3 a6 51. bxa6 Kxa6 52. Kg2 Kb6 53.
Kf3 Kc5 54. Bg8 Kd4 55. Bd5 Kd3 56. Bg8 Kd2 57. Kg2 Ke3 58. Bd5 Bf4 59. Bc6 Be5
60. Bd5 Kd4 61. Kf3 Kc5 62. Bg8 c6 63. Bf7 Kd4 64. Be8 d5 65. exd5 c5 66. Bb5
1/2-1/2

[Event "SR 4. liga A21 2012/2013"]
[Site "?"]
[Date "2013.02.03"]
[Round "8.2"]
[White "Lanyi, Frantisek"]
[Black "Jablonicky, Martin"]
[Result "0-1"]
[WhiteElo "1737"]
[BlackElo "1827"]
[PlyCount "64"]
[EventDate "2012.??.??"]

1. e4 c5 2. Nf3 e6 3. d4 cxd4 4. Nxd4 Nf6 5. Bd3 Nc6 6. Nxc6 bxc6 7. O-O Qc7 8.
Be3 d5 9. Nd2 e5 10. exd5 cxd5 11. Bb5+ Bd7 12. Bxd7+ Qxd7 13. Bg5 Be7 14. Bxf6
Bxf6 15. c4 d4 16. Ne4 Be7 17. f4 f5 18. Ng3 e4 19. Nxf5 Qxf5 20. Qa4+ Qd7 21.
Qxd7+ Kxd7 22. Rad1 d3 23. Rfe1 Rhe8 24. a3 a5 25. g3 Kc6 26. Kg2 Bf6 27. b4
axb4 28. axb4 Ra2+ 29. Kh3 Rc2 30. Rxd3 exd3 31. Rxe8 d2 32. b5+ Kd7 0-1

[Event "SR 4. liga A21 2012/2013"]
[Site "?"]
[Date "2013.02.03"]
[Round "8.2"]
[White "Mackovic, Matus"]
[Black "Lajda, Dusan"]
[Result "1/2-1/2"]
[WhiteElo "1871"]
[BlackElo "1838"]
[PlyCount "45"]
[EventDate "2012.??.??"]

1. e4 c5 2. Nf3 d6 3. d4 cxd4 4. Nxd4 Nf6 5. Nc3 g6 6. f3 Bg7 7. Be3 a6 8. Qd2
Bd7 9. Be2 Nc6 10. O-O O-O 11. Rfd1 Rc8 12. Rac1 b5 13. Nxc6 Bxc6 14. a3 Qc7
15. Bh6 Rfd8 16. Bxg7 Kxg7 17. Qe3 Bb7 18. f4 Qc5 19. Qxc5 Rxc5 20. Bf3 Rdc8
21. g4 Rc4 22. Be2 R4c5 23. Bf3 1/2-1/2

[Event "SR 4. liga A21 2012/2013"]
[Site "?"]
[Date "2013.02.03"]
[Round "8.2"]
[White "Madzo, Anton"]
[Black "Jablonicky, Boris"]
[Result "1/2-1/2"]
[WhiteElo "1545"]
[BlackElo "1689"]
[PlyCount "58"]
[EventDate "2012.??.??"]

1. e4 e5 2. Nf3 Nc6 3. Bc4 Bc5 4. a3 d6 5. h3 Nf6 6. d3 a6 7. Bg5 Qe7 8. O-O h6
9. Be3 Ba7 10. Bxa7 Rxa7 11. Nc3 Be6 12. Nd5 Bxd5 13. Bxd5 O-O 14. Bxc6 bxc6
15. Nd2 Nd7 16. b4 Qg5 17. Nf3 Qe7 18. Nd2 Nb6 19. c3 f5 20. f3 f4 21. Qb3+ Kh7
22. Nc4 Qe6 23. Rab1 Nxc4 24. Qxc4 Qxc4 25. dxc4 Rb7 26. Rf2 Rfb8 27. Rfb2 c5
28. a4 g5 29. b5 a5 1/2-1/2

[Event "SR 4. liga A21 2012/2013"]
[Site "?"]
[Date "2013.02.03"]
[Round "8.3"]
[White "Cerovsky, Marian"]
[Black "Skapik, Branislav"]
[Result "1-0"]
[WhiteElo "1764"]
[BlackElo "1857"]
[PlyCount "146"]
[EventDate "2012.??.??"]

1. e4 c5 2. Nc3 Nc6 3. Nf3 g6 4. Bc4 Bg7 5. a3 e6 6. d3 Nge7 7. O-O a6 8. Ne2
b5 9. Bb3 d5 10. c3 O-O 11. Ng3 Qc7 12. Bd2 Rd8 13. Qc1 Na5 14. Ba2 c4 15. d4
dxe4 16. Nxe4 Bb7 17. Re1 Bxe4 18. Rxe4 Nd5 19. Bh6 Qb7 20. Rh4 f6 21. Bxg7
Qxg7 22. Re4 Rd6 23. Qc2 g5 24. h3 f5 25. Ree1 h5 26. Ne5 Rf8 27. g3 Nf6 28.
Kf1 Nd7 29. Nxd7 Qxd7 30. Rad1 Qc6 31. Kg1 Kg7 32. Qe2 Kg6 33. Bb1 Nb7 34. Qf1
Kh6 35. Qg2 Qxg2+ 36. Kxg2 Kg6 37. Re5 Kf6 38. Rde1 Nd8 39. Bc2 Nc6 40. R5e2
Re8 41. f4 gxf4 42. gxf4 Rg8+ 43. Kf3 h4 44. Rg2 Rdd8 45. Rgg1 Ne7 46. Bd1 Rxg1
47. Rxg1 Rg8 48. Rxg8 Nxg8 49. Ke3 Ne7 50. Bh5 Nd5+ 51. Kf3 Ke7 52. Bg6 Nb6 53.
Ke3 Na4 54. d5 Nxb2 55. dxe6 Kxe6 56. Bh5 Nd3 57. Bf3 Nc5 58. Kd4 Kd6 59. Bd1
Ne6+ 60. Ke3 Kc5 61. Bc2 Ng7 62. Bb1 a5 63. Bc2 b4 64. axb4+ axb4 65. cxb4+
Kxb4 66. Kd4 Nh5 67. Ke5 Ng3 68. Kd4 c3 69. Kd3 Ne4 70. Kd4 Ka3 71. Bxe4 fxe4
72. Kxc3 e3 73. Kd3 e2 1-0

[Event "SR 4. liga A21 2012/2013"]
[Site "?"]
[Date "2013.02.03"]
[Round "8.3"]
[White "Dubecky, Ladislav"]
[Black "Sadlon, Matus"]
[Result "1-0"]
[WhiteElo "1557"]
[BlackElo "1596"]
[PlyCount "113"]
[EventDate "2012.??.??"]

1. e4 e6 2. f4 d5 3. e5 c5 4. Nf3 Nc6 5. Bb5 Bd7 6. Bxc6 Bxc6 7. O-O Ne7 8. d4
Nf5 9. c3 Qb6 10. Na3 cxd4 11. cxd4 Bxa3 12. bxa3 O-O 13. Rf2 Rac8 14. Rb2 Qd8
15. Rab1 Qd7 16. Bd2 b6 17. Bb4 Rfe8 18. Qe1 h6 19. g4 Ne7 20. Rg2 Ng6 21. Qg3
Qd8 22. g5 h5 23. Bd2 Ne7 24. Nh4 g6 25. Bb4 Bb7 26. Bxe7 Rxe7 27. Qd3 Kh7 28.
Rf1 Rec7 29. Qb1 Qd7 30. Rd2 Rc3 31. a4 Ra3 32. Rc1 Rxc1+ 33. Qxc1 Rxa4 34. Rc2
Rc4 35. Rxc4 dxc4 36. Qxc4 Qd5 37. Qxd5 Bxd5 38. a3 Kg7 39. Kf2 Kf8 40. Nf3
Bxf3 41. Kxf3 Ke7 42. Ke4 b5 43. d5 exd5+ 44. Kxd5 a5 45. Kc5 b4 46. axb4 axb4
47. Kxb4 Ke6 48. Kc5 Kf5 49. Kd6 Kxf4 50. h4 Kg4 51. Ke7 Kxh4 52. Kxf7 Kxg5 53.
e6 Kf5 54. e7 g5 55. e8=Q h4 56. Qe6+ Kf4 57. Kg6 1-0

[Event "SR 4. liga A21 2012/2013"]
[Site "?"]
[Date "2013.02.03"]
[Round "8.3"]
[White "Gavlas, Jakub"]
[Black "Pisecky, Jan"]
[Result "1-0"]
[WhiteElo "1443"]
[BlackElo "1522"]
[PlyCount "125"]
[EventDate "2012.??.??"]

1. e4 e6 2. d4 c5 3. Nf3 a6 4. Be3 b6 5. Bc4 b5 6. Be2 d6 7. dxc5 dxc5 8. Qxd8+
Kxd8 9. O-O Bb7 10. e5 h6 11. c4 Bc6 12. Nbd2 Kc7 13. Bd3 Nd7 14. Ne4 f5 15.
Nc3 b4 16. Nb1 Bxf3 17. gxf3 Nxe5 18. Be2 g5 19. f4 gxf4 20. Bxf4 Bd6 21. b3
Nf6 22. Kh1 h5 23. h3 Ne4 24. a3 a5 25. axb4 cxb4 26. f3 Nc5 27. Bd1 Ncd3 28.
Bh2 f4 29. Bc2 Bc5 30. Nd2 Nf2+ 31. Rxf2 Bxf2 32. Bxf4 Bd4 33. Re1 Rad8 34.
Rxe5 Bxe5 35. Bxe5+ Kc8 36. Bxh8 Rxd2 37. Bg6 h4 38. Kg1 Kd7 39. f4 a4 40. bxa4
Ra2 41. f5 Rxa4 42. f6 Ra8 43. Bg7 b3 44. f7 Ke7 45. f8=Q+ Rxf8 46. Bxf8+ Kxf8
47. Be4 Ke7 48. Kf2 Kd6 49. Ke3 Kc5 50. Kf4 Kd4 51. Bb1 e5+ 52. Kf5 b2 53. c5
Kxc5 54. Kxe5 Kc4 55. Kf4 Kd4 56. Kg4 Ke3 57. Kxh4 Kf4 58. Kh5 Kg3 59. h4 Kf4
60. Kh6 Ke5 61. Kg5 Ke6 62. Kg6 Ke7 63. Kg7 1-0

[Event "SR 4. liga A21 2012/2013"]
[Site "?"]
[Date "2013.02.03"]
[Round "8.3"]
[White "Pericka, Tomas"]
[Black "Kovarik, Oto"]
[Result "0-1"]
[WhiteElo "2029"]
[BlackElo "1979"]
[PlyCount "50"]
[EventDate "2012.??.??"]

1. e4 c5 2. Nf3 e6 3. d4 cxd4 4. Nxd4 a6 5. Bd3 Nc6 6. c3 Qc7 7. O-O Nf6 8. f4
Bc5 9. Kh1 Nxd4 10. cxd4 Bxd4 11. e5 Nd5 12. Rf3 Ba7 13. Rg3 g6 14. Nd2 Nxf4
15. Nc4 Nxd3 16. Nd6+ Qxd6 17. Rxd3 Qxe5 18. Bd2 d5 19. Bc3 d4 20. Rxd4 O-O 21.
Rh4 Qg5 22. Rh3 e5 23. Rg3 Qe7 24. Qh5 Bd4 25. Bd2 Bf2 0-1

[Event "SR 4. liga A21 2012/2013"]
[Site "?"]
[Date "2013.02.03"]
[Round "8.3"]
[White "Sadlon, Juraj"]
[Black "Damborsky, Pavol"]
[Result "0-1"]
[WhiteElo "1804"]
[BlackElo "1794"]
[PlyCount "79"]
[EventDate "2012.??.??"]

1. e4 e5 2. Nf3 d6 3. Bc4 h6 4. O-O Nf6 5. d4 exd4 6. Qxd4 Nc6 7. Bb5 Bd7 8.
Bxc6 Bxc6 9. Re1 Be7 10. e5 dxe5 11. Qxe5 Bxf3 12. gxf3 Qd6 13. Qb5+ Qc6 14.
Qe2 Ng8 15. Be3 O-O-O 16. Nc3 Bc5 17. Ne4 Bxe3 18. Qxe3 b6 19. Qa3 Kb7 20. Re3
Nf6 21. Rc3 Qd5 22. Rd3 Qf5 23. Rad1 Rxd3 24. Qxd3 Nxe4 25. fxe4 Qe6 26. Qd5+
Qxd5 27. Rxd5 Kc6 28. f3 Re8 29. Kf2 Re6 30. b4 a6 31. Rf5 f6 32. Rd5 Rd6 33.
c4 Rxd5 34. exd5+ Kd6 35. a4 a5 36. bxa5 bxa5 37. Ke3 Kc5 38. Kd3 f5 39. h3 g5
40. f4 0-1

[Event "SR 4. liga A21 2012/2013"]
[Site "?"]
[Date "2013.02.03"]
[Round "8.4"]
[White "Bendzela, Tibor"]
[Black "Tomasovic, Pavol"]
[Result "1-0"]
[WhiteElo "1459"]
[BlackElo "1304"]
[PlyCount "79"]
[EventDate "2012.??.??"]

1. e4 e6 2. d4 d5 3. Nc3 Bb4 4. e5 c5 5. Be3 Qb6 6. Nf3 Nc6 7. dxc5 Bxc5 8.
Bxc5 Qxc5 9. Bb5 Nge7 10. O-O O-O 11. Bxc6 Nxc6 12. Qd2 Bd7 13. a3 d4 14. Ne2
Nxe5 15. Nxe5 Qxe5 16. Nxd4 Rad8 17. Qb4 Qd5 18. Nf3 Bc6 19. Qf4 Qe4 20. Qc1
Rd2 21. Qxd2 f5 22. Rfe1 Qc4 23. b3 Qd5 24. Qxd5 Bxd5 25. c4 Be4 26. Ng5 Rf6
27. Nxe4 fxe4 28. Rxe4 g5 29. Rd1 b6 30. Rd8+ Kf7 31. Rd7+ Kg6 32. Rxa7 Kf5 33.
f3 h5 34. c5 bxc5 35. Ra5 g4 36. Rxc5+ Kg6 37. fxg4 hxg4 38. Rxg4+ Kf7 39. Rcc4
e5 40. a4 1-0

[Event "SR 4. liga A21 2012/2013"]
[Site "?"]
[Date "2013.02.03"]
[Round "8.4"]
[White "Klimes, Karel"]
[Black "Palka, Miroslav"]
[Result "0-1"]
[WhiteElo "1724"]
[BlackElo "1924"]
[PlyCount "82"]
[EventDate "2012.??.??"]

1. e4 c5 2. Nf3 d6 3. Bc4 Nf6 4. d3 g6 5. Bg5 Bg7 6. c3 O-O 7. O-O Nc6 8. Nbd2
a6 9. a4 Rb8 10. Qc2 b5 11. axb5 axb5 12. Ba2 Rb6 13. Rfe1 h6 14. Bf4 e5 15.
Be3 Ng4 16. Nf1 b4 17. h3 Nxe3 18. Nxe3 Ra6 19. Bd5 Qc7 20. Rxa6 Bxa6 21. Ra1
Bb7 22. Nd2 bxc3 23. bxc3 Ne7 24. Ra7 Nxd5 25. Nxd5 Qb8 26. Ne7+ Kh8 27. Qa4
Bf6 28. Nd5 Bxd5 29. exd5 Bg5 30. Ne4 Qb1+ 31. Kh2 Qxd3 32. Nxg5 hxg5 33. c4
Qf5 34. f3 Rb8 35. Qd1 Kg7 36. Ra2 Rb1 37. Qe2 Qf4+ 38. g3 Qc1 39. Qg2 Qxc4 40.
f4 gxf4 41. gxf4 Qxf4+ 0-1

[Event "SR 4. liga A21 2012/2013"]
[Site "?"]
[Date "2013.02.03"]
[Round "8.4"]
[White "Lanik, Miroslav"]
[Black "Nemeckay, Rastislav"]
[Result "1/2-1/2"]
[WhiteElo "1945"]
[BlackElo "1980"]
[PlyCount "23"]
[EventDate "2012.??.??"]

1. e4 e5 2. Nf3 Nf6 3. Nxe5 d6 4. Nf3 Nxe4 5. d4 d5 6. Bd3 Bg4 7. O-O Bd6 8. c4
c6 9. h3 Bh5 10. cxd5 cxd5 11. Qb3 Qd7 12. Ng5 1/2-1/2

[Event "SR 4. liga A21 2012/2013"]
[Site "?"]
[Date "2013.02.03"]
[Round "8.4"]
[White "Tokos, Rastislav"]
[Black "Klimes, Juraj"]
[Result "1-0"]
[WhiteElo "1858"]
[BlackElo "1611"]
[PlyCount "53"]
[EventDate "2012.??.??"]

1. e4 e5 2. Nf3 Nf6 3. Nc3 Nc6 4. Bb5 d6 5. d4 Bd7 6. d5 Ne7 7. Bxd7+ Qxd7 8.
Bg5 Nh5 9. Nxe5 dxe5 10. Qxh5 g6 11. Qh4 f5 12. Bf6 Rg8 13. Qxh7 O-O-O 14.
O-O-O Qd6 15. Bxe7 Bxe7 16. exf5 Bg5+ 17. Kb1 gxf5 18. Qxf5+ Kb8 19. Ne4 Qe7
20. h4 Bxh4 21. g3 Bg5 22. Rh7 Qb4 23. Nxg5 Rxd5 24. Qf3 c6 25. Rxd5 cxd5 26.
c3 Qc5 27. Ne6 1-0

[Event "SR 4. liga A21 2012/2013"]
[Site "?"]
[Date "2013.02.03"]
[Round "8.4"]
[White "Wallner, Juraj"]
[Black "Barcaj, Jaroslav"]
[Result "1-0"]
[WhiteElo "1495"]
[BlackElo "1586"]
[PlyCount "55"]
[EventDate "2012.??.??"]

1. e4 c5 2. Nf3 e6 3. Nc3 Nf6 4. d4 cxd4 5. Nxd4 d6 6. Be3 a6 7. Bd3 Be7 8. Qd2
Qc7 9. h3 O-O 10. O-O-O b5 11. Kb1 Bb7 12. f4 e5 13. fxe5 dxe5 14. Nf5 Nbd7 15.
Nxe7+ Kh8 16. Ned5 Bxd5 17. Nxd5 Qc6 18. Qc3 Qe6 19. Nc7 Qe7 20. Nxa8 Rxa8 21.
Qe1 Rc8 22. g4 Nc5 23. Qb4 Qa7 24. Qa3 Qc7 25. Bxc5 Qxc5 26. Qxa6 Rd8 27. Qxb5
Qd4 28. Be2 1-0

[Event "SR 4. liga A21 2012/2013"]
[Site "?"]
[Date "2013.02.03"]
[Round "8.5"]
[White "Buran, Andrej ml"]
[Black "Fajnor, Dusan"]
[Result "1-0"]
[WhiteElo "1152"]
[BlackElo "1000"]
[PlyCount "78"]
[EventDate "2012.??.??"]

1. e4 e5 2. Nf3 d6 3. Bc4 Be7 4. Nc3 Bg4 5. Be2 Nf6 6. O-O Nbd7 7. d4 O-O 8.
Bg5 h6 9. Bh4 Bh5 10. Re1 c5 11. dxe5 dxe5 12. Bg3 Qc7 13. Nh4 Bg6 14. Nxg6
fxg6 15. Bc4+ Kh7 16. Nd5 Nxd5 17. exd5 Bd6 18. Bd3 Nf6 19. c4 Rae8 20. Qc2 Qf7
21. Re3 Re7 22. Rae1 Bc7 23. Bh4 e4 24. Bxe4 Rfe8 25. Bxg6+ Qxg6 26. Qxg6+ Kxg6
27. Rxe7 Rxe7 28. Rxe7 Bb6 29. Bxf6 Kxf6 30. Rxb7 g5 31. Kf1 h5 32. Ke2 Ke5 33.
Ke3 Kf5 34. d6 Ke6 35. Ke4 Kxd6 36. Kf5 Kc6 37. Rxb6+ axb6 38. Kxg5 Kd6 39.
Kxh5 Ke5 1-0

[Event "SR 4. liga A21 2012/2013"]
[Site "?"]
[Date "2013.02.03"]
[Round "8.5"]
[White "Hornik, Andrej"]
[Black "Trojkova, Michaela"]
[Result "0-1"]
[WhiteElo "1366"]
[BlackElo "1199"]
[PlyCount "112"]
[EventDate "2012.??.??"]

1. e4 e5 2. Nf3 Nc6 3. Bc4 Bc5 4. c3 Nf6 5. d4 exd4 6. cxd4 Bb4+ 7. Bd2 Bxd2+
8. Nbxd2 d5 9. exd5 Nxd5 10. O-O O-O 11. Nb3 Bg4 12. Be2 Nf4 13. Bc4 Qf6 14.
Nc5 Qg6 15. Nh4 Bxd1 16. Nxg6 hxg6 17. Raxd1 b6 18. Nd3 Ne2+ 19. Kh1 Ncxd4 20.
Ne5 Rad8 21. Rfe1 Nf4 22. Re4 Nde6 23. Ree1 Rxd1 24. Rxd1 Rd8 25. Rxd8+ Nxd8
26. g3 Nfe6 27. Bd5 Kf8 28. Kg2 Ke7 29. Kf3 Kd6 30. Ke4 Ng5+ 31. Kd4 c5+ 32.
Kc4 Kxe5 33. f4+ Kf5 34. fxg5 Kxg5 35. h3 f5 36. Kb5 f4 37. gxf4+ Kxf4 38. Bg2
g5 39. Ka6 Kg3 40. Bf1 Nc6 41. Kb7 Kf2 42. Bc4 Na5+ 43. Kxa7 Nxc4 44. b3 Na3
45. Kxb6 Kg3 46. Kxc5 Kxh3 47. Kb4 g4 48. Kxa3 g3 49. b4 g2 50. b5 g1=Q 51. Ka4
Qd1+ 52. Ka5 Qd2+ 53. Kb6 Qxa2 54. Kb7 Qb3 55. b6 Qxb6+ 56. Kxb6 g5 0-1

[Event "SR 4. liga A21 2012/2013"]
[Site "?"]
[Date "2013.02.03"]
[Round "8.5"]
[White "Lackovic, Marek"]
[Black "Pipiska, Adam"]
[Result "0-1"]
[WhiteElo "1552"]
[BlackElo "1674"]
[PlyCount "82"]
[EventDate "2012.??.??"]

1. e4 e5 2. Nf3 Nc6 3. Bc4 Nf6 4. d3 Bc5 5. Nc3 d6 6. O-O Be6 7. Bb5 O-O 8.
Bxc6 bxc6 9. h3 Rb8 10. Na4 Bb6 11. Nxb6 cxb6 12. Be3 Qc7 13. Qe2 d5 14. exd5
Bxd5 15. Nd2 Rbe8 16. f3 Nh5 17. Bf2 f5 18. Rae1 Qe7 19. Qe3 Qf6 20. b3 Qg6 21.
Kh2 Nf4 22. Rg1 Qh5 23. Bg3 Nxh3 24. gxh3 f4 25. Qf2 fxg3+ 26. Qxg3 Rf7 27. f4
Re6 28. Qg4 Qxg4 29. Rxg4 exf4 30. Rxe6 Bxe6 31. Rg1 Rf5 32. Nf3 Rh5 33. h4 Bd5
34. Kg2 Rxh4 35. c4 Rg4+ 36. Kf2 Bxf3 37. Rxg4 Bxg4 38. b4 h5 39. d4 Be6 40. c5
bxc5 41. dxc5 Bxa2 0-1

[Event "SR 4. liga A21 2012/2013"]
[Site "?"]
[Date "2013.02.03"]
[Round "8.5"]
[White "Mudroch, Martin"]
[Black "Sottnik, Filip"]
[Result "0-1"]
[WhiteElo "1309"]
[BlackElo "1503"]
[PlyCount "68"]
[EventDate "2012.??.??"]

1. e4 e5 2. Nf3 Nc6 3. d4 exd4 4. Nxd4 Be7 5. Bb5 Ne5 6. Bf4 Ng6 7. Bg3 c6 8.
Be2 Nf6 9. Nd2 d5 10. exd5 Nxd5 11. O-O O-O 12. Bd3 Ngf4 13. Bc4 Bf6 14. c3 Qb6
15. Qb3 Bxd4 16. Qxb6 Bxb6 17. Rfe1 Be6 18. Bxd5 Nxd5 19. Ne4 Bc7 20. Bxc7 Nxc7
21. b3 b5 22. Nd6 a5 23. Nb7 a4 24. Rab1 Nd5 25. c4 Nc3 26. Rb2 axb3 27. axb3
bxc4 28. bxc4 Bxc4 29. Rc2 Ba6 30. Nd6 Nb5 31. Nf5 Rfe8 32. Rd1 Na7 33. f3 Bb5
34. Kf2 Ba4 0-1

[Event "SR 4. liga A21 2012/2013"]
[Site "?"]
[Date "2013.02.03"]
[Round "8.5"]
[White "Ocko, Martin"]
[Black "Drahos, Miroslav"]
[Result "1-0"]
[WhiteElo "1661"]
[BlackElo "1652"]
[PlyCount "63"]
[EventDate "2012.??.??"]

1. e4 e5 2. Nf3 Nc6 3. Bb5 f5 4. d3 fxe4 5. dxe4 Nf6 6. Bc4 Bc5 7. Ng5 d5 8.
exd5 Na5 9. Bd3 O-O 10. O-O b6 11. c3 Bd6 12. Qc2 e4 13. Nxe4 Nxe4 14. Bxe4 Qh4
15. g3 Qh5 16. Be3 Bh3 17. Re1 Rae8 18. Nd2 Nb7 19. b4 Be5 20. Nc4 Bxc3 21.
Bxh7+ Qxh7 22. Qxc3 Qe4 23. f3 Rxf3 24. Re2 Qxd5 25. Rae1 b5 26. Qb2 Qxc4 27.
Bh6 gxh6 28. Rxe8+ Rf8 29. Rxf8+ Kxf8 30. Qf6+ Qf7 31. Qh8+ Qg8 32. Re8+ 1-0

[Event "SR 4. liga A21 2012/2013"]
[Site "?"]
[Date "2013.02.03"]
[Round "8.6"]
[White "Danihel, Jozef"]
[Black "Holan, Jaroslav"]
[Result "1/2-1/2"]
[WhiteElo "1566"]
[BlackElo "1474"]
[PlyCount "161"]
[EventDate "2012.??.??"]

1. d4 Nf6 2. c4 e5 3. Bg5 Bb4+ 4. Nc3 exd4 5. Qxd4 Nc6 6. Qd1 d6 7. e3 h6 8.
Bh4 Qe7 9. Bd3 Bg4 10. Nge2 Qe5 11. Bg3 Qa5 12. Qc2 Nh5 13. O-O Nxg3 14. Nxg3
Ne5 15. Nd5 c6 16. Nf4 Nxd3 17. Qxd3 Qe5 18. Qb3 Bc5 19. Nd3 Qe7 20. Nxc5 dxc5
21. f3 Be6 22. f4 O-O 23. Qc3 f5 24. Rae1 Qf7 25. b3 Qf6 26. Qc1 Rad8 27. Rd1
Rxd1 28. Rxd1 Rd8 29. Rxd8+ Qxd8 30. Qc2 Qf6 31. h3 g6 32. Qd2 Qe7 33. Ne2 a6
34. g3 b5 35. Qc3 b4 36. Qe5 a5 37. Kf2 a4 38. Nc1 Kf7 39. Nd3 Bc8 40. Qxc5
Qxc5 41. Nxc5 a3 42. Nd3 Bb7 43. Nxb4 c5 44. Ke2 cxb4 45. Kd3 Ke6 46. Kd4 Be4
47. Kc5 Bb1 48. Kxb4 Bxa2 49. Kxa3 Bb1 50. b4 Kd6 51. b5 Kc5 52. Kb3 Be4 53.
Kc3 Bg2 54. h4 Bf1 55. b6 Kxb6 56. Kd4 Be2 57. e4 fxe4 58. Kxe4 Bg4 59. Ke5 h5
60. Kd6 Kb7 61. c5 Kc8 62. Kc6 Bf3+ 63. Kd6 Bg4 64. Ke5 Bf3 65. f5 gxf5 66.
Kxf5 Bg4+ 67. Ke5 Kd7 68. Kd4 Kc6 69. Kc4 Be6+ 70. Kd4 Kb5 71. Ke5 Bg4 72. Kd5
Kb4 73. c6 Kc3 74. Ke4 Kd2 75. Kf4 Ke2 76. Kg5 Kf2 77. Kf4 Kg2 78. Kg5 Kh3 79.
c7 Kxg3 80. c8=Q Bxc8 81. Kxh5 1/2-1/2

[Event "SR 4. liga A21 2012/2013"]
[Site "?"]
[Date "2013.02.03"]
[Round "8.6"]
[White "Kubis, Ivan"]
[Black "Bjel, Lubos"]
[Result "1-0"]
[WhiteElo "2013"]
[BlackElo "1668"]
[PlyCount "67"]
[EventDate "2012.??.??"]

1. e4 e6 2. d4 d5 3. Nc3 Bb4 4. e5 c5 5. a3 Bxc3+ 6. bxc3 Qc7 7. Nf3 Bd7 8. a4
c4 9. Ba3 Bxa4 10. Qb1 b5 11. Be2 Nc6 12. O-O Nge7 13. Nh4 Qa5 14. Qe1 Ng6 15.
Nxg6 hxg6 16. Qd2 Rh4 17. Bc5 O-O-O 18. f4 Rdh8 19. h3 Qd8 20. Qe3 Kb7 21. Rfb1
Ka8 22. Rb2 f6 23. Bg4 f5 24. Be2 R4h6 25. Qf3 g5 26. fxg5 Qxg5 27. Kh1 Qh4 28.
Bxc4 bxc4 29. Rxa4 g5 30. Kg1 Qe1+ 31. Qf1 Qxc3 32. Qa1 R8h7 33. Rb8+ Nxb8 34.
Rxa7+ 1-0

[Event "SR 4. liga A21 2012/2013"]
[Site "?"]
[Date "2013.02.03"]
[Round "8.6"]
[White "Orvisky, Vladimir"]
[Black "Kubik, Peter"]
[Result "1-0"]
[WhiteElo "1838"]
[BlackElo "1862"]
[PlyCount "105"]
[EventDate "2012.??.??"]

1. c4 e5 2. Nc3 Nc6 3. Nf3 Nf6 4. g3 Bc5 5. Bg2 d6 6. O-O O-O 7. d3 Be6 8. Qb3
a6 9. Nd5 b5 10. Bg5 Rb8 11. Qc2 Nb4 12. Nxb4 Bxb4 13. a3 Bc5 14. cxb5 Rxb5 15.
b4 Bb6 16. Bd2 Ba7 17. Rac1 c5 18. a4 Rb8 19. bxc5 Bxc5 20. Nxe5 Bxf2+ 21. Rxf2
dxe5 22. Bg5 Rc8 23. Qb2 Rxc1+ 24. Qxc1 Qd4 25. Bxf6 gxf6 26. Qf1 a5 27. Kh1 f5
28. Bh3 Bd5+ 29. Kg1 Be6 30. e3 Qxe3 31. Kh1 Rc8 32. Qg2 Rc1+ 33. Rf1 Bd5 34.
Qxd5 Rxf1+ 35. Bxf1 Qf2 36. Qa8+ Kg7 37. Qg2 Qd4 38. Qe2 f6 39. Qc2 Qa1 40. Kg2
Kg6 41. Be2 Qd4 42. Qc4 Qe3 43. Bf3 Qd2+ 44. Kh3 Qf2 45. Qg8+ Kh6 46. Qf8+ Kg6
47. Qe8+ Kg7 48. Bh5 Qa7 49. Qc8 f4 50. Qg4+ Kf8 51. gxf4 exf4 52. Qxf4 Qd7+
53. Kh4 1-0

[Event "SR 4. liga A21 2012/2013"]
[Site "?"]
[Date "2013.02.03"]
[Round "8.6"]
[White "Podjavorinsky, Michal"]
[Black "Hrubsa, Marian"]
[Result "1-0"]
[WhiteElo "1681"]
[BlackElo "1820"]
[PlyCount "73"]
[EventDate "2012.??.??"]

1. d4 d5 2. Bf4 Nf6 3. Nc3 e6 4. e3 Nbd7 5. Nb5 Bb4+ 6. c3 Ba5 7. Nf3 a6 8. Na3
Qe7 9. Qc2 c5 10. dxc5 Qxc5 11. Bd3 Qe7 12. O-O b5 13. Ne5 Bb7 14. Nxd7 Nxd7
15. e4 Rc8 16. exd5 Bxd5 17. Qe2 h5 18. c4 bxc4 19. Bxc4 g5 20. Bxd5 gxf4 21.
Bf3 Qg5 22. Rac1 O-O 23. Nc4 Bc7 24. Bxh5 Nf6 25. Bf3 e5 26. Nd2 Kg7 27. Ne4
Nxe4 28. Bxe4 f5 29. Bb7 f3 30. Qxf3 e4 31. Qc3+ Kg6 32. Bxc8 Rxc8 33. Qc6+ Kh5
34. Qd7 Bxh2+ 35. Kxh2 Rxc1 36. Qh7+ Kg4 37. Qh3+ 1-0

[Event "SR 4. liga A21 2012/2013"]
[Site "?"]
[Date "2013.02.03"]
[Round "8.6"]
[White "Vach, Jozef"]
[Black "Krchnak, Rudolf"]
[Result "1-0"]
[WhiteElo "1793"]
[BlackElo "1857"]
[PlyCount "81"]
[EventDate "2012.??.??"]

1. d4 Nf6 2. Nf3 e6 3. c4 c5 4. d5 exd5 5. cxd5 d6 6. Nc3 g6 7. e4 Bg7 8. h3
O-O 9. Bd3 a6 10. a4 Re8 11. O-O Nbd7 12. Bf4 Qb6 13. Qc2 Nh5 14. a5 Qc7 15.
Bh2 Ne5 16. Be2 Nxf3+ 17. Bxf3 Nf6 18. Qd2 Nd7 19. Rfe1 Ne5 20. Be2 f5 21. f4
Nf7 22. Bd3 Bd7 23. exf5 gxf5 24. Na4 Rxe1+ 25. Rxe1 Bxa4 26. Bxf5 Nh6 27. Be6+
Kh8 28. g4 Bd4+ 29. Kg2 Rf8 30. f5 Nf7 31. g5 Ne5 32. f6 Be8 33. Rc1 Qd8 34. b4
b6 35. bxc5 Bxc5 36. Qc3 Qc7 37. Bxe5 dxe5 38. axb6 Qxb6 39. Qxc5 Qxc5 40. Rxc5
e4 41. Rc8 1-0

[Event "SR 4. liga A21 2012/2013"]
[Site "?"]
[Date "2013.02.17"]
[Round "9.1"]
[White "Bjel, Lubos"]
[Black "Pripko, Bystrik"]
[Result "1-0"]
[WhiteElo "1668"]
[BlackElo "1815"]
[PlyCount "107"]
[EventDate "2012.??.??"]

1. e4 e5 2. Nf3 Nc6 3. Bc4 Bc5 4. c3 d6 5. d3 h6 6. a4 a5 7. Be3 Ba7 8. b4 axb4
9. cxb4 Nf6 10. Qb3 O-O 11. Nc3 Bg4 12. h3 Bxf3 13. gxf3 Nd4 14. Bxd4 Bxd4 15.
Ke2 Nh5 16. Rag1 Qh4 17. Rh2 c6 18. Rg4 Qf6 19. Nd1 g6 20. Ne3 Nf4+ 21. Kf1 b5
22. axb5 Ra1+ 23. Nd1 Rfa8 24. bxc6 Kf8 25. Ke1 Qe7 26. b5 R8a3 27. Qc2 Bc3+
28. Kf1 Qa7 29. Rxf4 exf4 30. Kg2 Bd4 31. Bxf7 Qc7 32. Bb3 Ra7 33. Qc4 Qg7 34.
Qe6 Qf6 35. Qxf6+ Bxf6 36. b6 Bd8 37. bxa7 Rxa7 38. Bd5 Bb6 39. Nc3 Ra5 40. Rh1
Ke7 41. Rb1 Bd4 42. Ne2 Be5 43. Rb7+ Kd8 44. Rd7+ Kc8 45. Be6 Rc5 46. d4 Rxc6
47. dxe5 dxe5 48. Rd6+ Kb7 49. Rxc6 Kxc6 50. Bf7 g5 51. Nc1 Kd6 52. Nd3 Ke7 53.
Bg6 Kf6 54. Bf5 1-0

[Event "SR 4. liga A21 2012/2013"]
[Site "?"]
[Date "2013.02.17"]
[Round "9.1"]
[White "Krchnak, Rudolf"]
[Black "Vagovic, Milan"]
[Result "1/2-1/2"]
[WhiteElo "1857"]
[BlackElo "1725"]
[PlyCount "67"]
[EventDate "2012.??.??"]

1. d4 Nf6 2. c4 d5 3. g3 e6 4. Bg2 c5 5. cxd5 exd5 6. dxc5 Bxc5 7. Nf3 O-O 8.
O-O Re8 9. e3 Nc6 10. Qc2 Qb6 11. Nc3 Nb4 12. Qb3 Be6 13. Na4 Qc7 14. Nxc5 Qxc5
15. Nd4 Rac8 16. Bd2 Nc6 17. Nxc6 bxc6 18. Rac1 Qb6 19. Qa3 c5 20. b3 h6 21.
Bc3 d4 22. exd4 cxd4 23. Bb2 d3 24. Bxf6 gxf6 25. Qb2 Kg7 26. Qd2 Qd4 27. Rfe1
Rxc1 28. Rxc1 Bg4 29. Bf1 Be2 30. Re1 Qe4 31. Bxe2 dxe2 32. Qe3 Qa8 33. Qd2 Qe4
34. Qe3 1/2-1/2